<?xml version='1.0' encoding='UTF-8'?>
  <record xmlns="http://www.loc.gov/MARC21/slim">
    <leader>00000cem a22000007i 4500</leader>
    <controlfield tag="001">ocn980450010</controlfield>
    <controlfield tag="003">OCoLC</controlfield>
    <controlfield tag="005">20250701170252.1</controlfield>
    <controlfield tag="008">990208s1750    ne        z     0   fre d</controlfield>
    <datafield tag="040" ind1=" " ind2=" ">
      <subfield code="a">QGJ</subfield>
      <subfield code="b">dut</subfield>
      <subfield code="c">QGJ</subfield>
      <subfield code="d">OCLCO</subfield>
      <subfield code="d">QGJ</subfield>
      <subfield code="d">OCLCF</subfield>
      <subfield code="d">OCLCO</subfield>
      <subfield code="d">OCLCL</subfield>
      <subfield code="d">OCLCQ</subfield>
      <subfield code="d">OCLCL</subfield>
    </datafield>
    <datafield tag="035" ind1=" " ind2=" ">
      <subfield code="a">(OCoLC)980450010</subfield>
    </datafield>
    <datafield tag="082" ind1="0" ind2="4">
      <subfield code="a">912.47</subfield>
      <subfield code="q">OCoLC</subfield>
      <subfield code="2">23/eng/20230216</subfield>
      <subfield code="1">https://id.oclc.org/worldcat/ddc/E3xCFV4VJXqmc9TRV4HdVByw36</subfield>
    </datafield>
    <datafield tag="084" ind1=" " ind2=" ">
      <subfield code="a">74.19</subfield>
      <subfield code="2">bcl</subfield>
    </datafield>
    <datafield tag="245" ind1="0" ind2="0">
      <subfield code="a">Carte de Moscovie /</subfield>
      <subfield code="c">dressée par Guillaume de L'Isle de l'Academie Royale des Sciences.</subfield>
    </datafield>
    <datafield tag="255" ind1=" " ind2=" ">
      <subfield code="a">Schaal [ca. 1:2.700.000].</subfield>
    </datafield>
    <datafield tag="264" ind1=" " ind2="1">
      <subfield code="a">A Amsterdam :</subfield>
      <subfield code="b">chez Jean Cóvens et Corneille Mortier,</subfield>
      <subfield code="c">[ca. 1750]</subfield>
    </datafield>
    <datafield tag="300" ind1=" " ind2=" ">
      <subfield code="a">1 krt. gemonteerd in 2 bl. :</subfield>
      <subfield code="b">kopergrav., in kleur ;</subfield>
      <subfield code="c">totaal 96 x 62 cm</subfield>
    </datafield>
    <datafield tag="336" ind1=" " ind2=" ">
      <subfield code="a">cartografische afbeelding</subfield>
      <subfield code="b">cri</subfield>
      <subfield code="2">rdacontent/dut</subfield>
    </datafield>
    <datafield tag="337" ind1=" " ind2=" ">
      <subfield code="a">zonder medium</subfield>
      <subfield code="b">n</subfield>
      <subfield code="2">rdamedia/dut</subfield>
    </datafield>
    <datafield tag="338" ind1=" " ind2=" ">
      <subfield code="a">vel</subfield>
      <subfield code="b">nb</subfield>
      <subfield code="2">rdacarrier/dut</subfield>
    </datafield>
    <datafield tag="500" ind1=" " ind2=" ">
      <subfield code="a">Met opdracht: A son Excellence Monseigneur André Artémonidès de Matueof Ministre d'Etat de sa Majesté Csarienne L'Empereur des Russes, son Lieutenant general en la Principauté de Jaroslavie, et son Ambassadeur Plenipotentiaire aupréz du Roi Tres Chrêtien, et aupréz des Etats généraux des Provinces Unies.</subfield>
    </datafield>
    <datafield tag="500" ind1=" " ind2=" ">
      <subfield code="a">Avec privil.</subfield>
    </datafield>
    <datafield tag="500" ind1=" " ind2=" ">
      <subfield code="a">Koptitel: Carte de Moscovie dresseé par G. de L'Isle.</subfield>
    </datafield>
    <datafield tag="500" ind1=" " ind2=" ">
      <subfield code="a">Twee bladen ook apart verschenen, respectievelijk o.d.t.: Carte de Moscovie [partie septentrionale], en: Partie meridionale de Moscovie.</subfield>
    </datafield>
    <datafield tag="510" ind1="0" ind2=" ">
      <subfield code="a">Koeman, 2 , 56 (C &amp; M 8 (11)) (vgl)</subfield>
    </datafield>
    <datafield tag="510" ind1="0" ind2=" ">
      <subfield code="a">Koeman, 2 , 56 (C &amp; M 8 (12)) (vgl)</subfield>
    </datafield>
    <datafield tag="651" ind1=" " ind2="0">
      <subfield code="a">Muscovy (Grand Duchy)</subfield>
      <subfield code="v">Maps.</subfield>
    </datafield>
    <datafield tag="651" ind1=" " ind2="7">
      <subfield code="a">Rusland.</subfield>
      <subfield code="0">(NL-LeOCL)078654629.</subfield>
      <subfield code="2">gtt</subfield>
    </datafield>
    <datafield tag="655" ind1=" " ind2="7">
      <subfield code="a">Maps</subfield>
      <subfield code="2">fast</subfield>
    </datafield>
    <datafield tag="655" ind1=" " ind2="7">
      <subfield code="a">Kaarten (vorm)</subfield>
      <subfield code="0">(NL-LeOCL)088143554.</subfield>
      <subfield code="2">gtt</subfield>
    </datafield>
    <datafield tag="700" ind1="1" ind2=" ">
      <subfield code="a">Delisle, Guillaume,</subfield>
      <subfield code="d">1675-1726.</subfield>
      <subfield code="1">https://id.oclc.org/worldcat/entity/E39PCjFvTPFxxrYCdJrRX7q7tq</subfield>
    </datafield>
    <datafield tag="740" ind1="0" ind2=" ">
      <subfield code="a">Partie meridionale de Moscovie</subfield>
    </datafield>
    <datafield tag="758" ind1=" " ind2=" ">
      <subfield code="a">Carte de Moscovie (CartographicMaterial)</subfield>
      <subfield code="1">https://id.oclc.org/worldcat/entity/E39PCFxtgMbFyBmjcddGxFc4G3</subfield>
      <subfield code="4">https://id.oclc.org/worldcat/ontology/hasWork</subfield>
    </datafield>
  </record>